000 01070nas a2200349 4500
001 BR0809181
003 BR-BrBNA
005 20231205112517.0
007 ta
008 230509b bl.|||p| |||| 00| 00por d
040 _aBR-BrBNA
_bpor
_cBiblioteca Nacional de Agricultura
041 _a(Pt)
072 _aH20
100 1 _aSera, G.H.
100 1 _aSera, T.
100 1 _aIto, D.S.
100 1 _aAzevedo, J.A. de
100 1 _aRibeiro Filho, C.
100 1 _aAlegre, C.R.
245 1 _aCorrelação entre a necrose de frutos associada ao Colletotrichum spp. com as caracteristicas frutos por nó e produtividade entre genótipos de café arábica
650 _aCAFÉ
650 _aGENÓTIPO
650 _aANTRACNOSE
650 _aFUNGO
650 _aNECROSE
650 _aSINTOMA
650 _aVARIEDADE RESISTENTE
650 _aMELHORAMENTO GENÉTICO VEGETAL
773 0 _tCiência e Agrotecnologia (Brazil)
_xISSN 1413-7054
_g(Jan-Feb 2008), v. 32(1) p. 48-54
_wBR0809181
909 _a202311
_bLúcia
_c55
_dLúcia Elande
942 _2AGRIS
_n0
_cANA
999 _c198439
_d198439